Etelä-Pohjanmaan urheiluseuroja - Statistics

Yleistilastot
  • Tätä visaa on pelattu 46 kertaa
  • Keskiarvotulos 11 / 19
Vastaustilastot
Kuvavisa Hint Vastaus % Oikein
mm. Suomi-sarja | N Superpesis Lapuan Virkiä
82%
mm. M Superpesis Vimpelin Veto
82%
Korisliiga Karhu Basket
77%
N Superpesis | M Ykköspesis Seinäjoen Maila-Jussit
77%
M Superpesis | N Ykköspesis Alajärven Ankkurit
72%
Veikkausliiga Seinäjoen Jalkapallokerho
69%
Suomi-sarja S-Kiekko
67%
M Vaahteraliiga Seinäjoki Crocodiles
62%
mm. M Ykköspesis | II-divisioona Alavuden Peli-Veikot
59%
Korisliiga Kobrat
59%
N Ykköspesis Jalasjärven Jalas
56%
Mestaruusliiga | M F-liiga Nurmon Jymy
56%
mm. N Ykköspesis Lappajärven Veikot
54%
M F-liiga Seinäjoen Peli-Veljet
54%
M Ykköspesis Koskenkorvan Urheilijat
51%
mm. hiihtolajit Kurikan Ryhti
36%
Auroraliiga Team Kuortane
23%
N Futsal-Liiga FC Seinäjoki
13%
mm. maastohiihto, pesäpallo Ilmajoen Kisailijat
8%
Ehtoja vastaavia visoja ei löytynyt
Tulosjakauma
Jokaisen tuloksen saaneiden osuus
Persentiili vastausten määrän mukaan
Tuloshistoriasi
Et ole pelannut tätä visaa